| 000 -LEADER |
| fixed length control field |
00610nam a22001697a 4500 |
| 005 - DATE AND TIME OF LATEST TRANSACTION |
| control field |
20231227104218.0 |
| 008 - FIXED-LENGTH DATA ELEMENTS--GENERAL INFORMATION |
| fixed length control field |
231227s1981 ru ||||| |||| 00| 0 rus d |
| 041 ## - LANGUAGE CODE |
| Language code of text/sound track or separate title |
rus |
| 080 ## - UNIVERSAL DECIMAL CLASSIFICATION NUMBER |
| Universal Decimal Classification number |
7.01(3) Б-96 |
| 100 ## - MAIN ENTRY--PERSONAL NAME |
| Personal name |
Бычков, В. В. |
| 9 (RLIN) |
20904 |
| 245 ## - TITLE STATEMENT |
| Title |
Эстетика поздней античности / |
| Statement of responsibility, etc. |
В.В. Бычков; АН СССР, Ин-т философии. |
| 264 ## - PRODUCTION, PUBLICATION, DISTRIBUTION, MANUFACTURE, AND COPYRIGHT NOTICE |
| Place of production, publication, distribution, manufacture |
Москва : |
| Name of producer, publisher, distributor, manufacturer |
Наука, |
| Date of production, publication, distribution, manufacture, or copyright notice |
1981. |
| 300 ## - PHYSICAL DESCRIPTION |
| Extent |
325 с.: |
| Other physical details |
ил.; |
| Dimensions |
20 см. |
| 653 ## - INDEX TERM--UNCONTROLLED |
| keyword |
ესთეტიკა |
| 653 ## - INDEX TERM--UNCONTROLLED |
| keyword |
გვიანი ანტიკურობა |
| 942 ## - ADDED ENTRY ELEMENTS (KOHA) |
| Source of classification or shelving scheme |
|
| Koha item type |
წიგნი |